European Aviation Environmental Strategy

Prvá správa o európskom environmentálnom letectve (2016), výsledok úzkej spolupráce medzi Európskou komisiou a Európskou agentúrou pre bezpečnosť letectva (EASA), Európskej agentúry pre životné prostredie (EHP) a EUROCONTROL. Hlavným cieľom je poskytovať pravidelný prehľad o environmentálnych výkono...

Descripción completa

Guardado en:
Detalles Bibliográficos
Autor principal: Klenka, Michal
Formato: Capítulo de libro
Lenguaje:inglés
Materias:
Etiquetas: Agregar Etiqueta
Sin Etiquetas, Sea el primero en etiquetar este registro!

MARC

LEADER 00000naa$a2200000$$$4500
001 0249544
005 20240502074006.6
041 0 |a eng 
044 |a SK 
245 1 0 |a European Aviation Environmental Strategy  |c Michal Klenka 
520 |a Prvá správa o európskom environmentálnom letectve (2016), výsledok úzkej spolupráce medzi Európskou komisiou a Európskou agentúrou pre bezpečnosť letectva (EASA), Európskej agentúry pre životné prostredie (EHP) a EUROCONTROL. Hlavným cieľom je poskytovať pravidelný prehľad o environmentálnych výkonoch sektoru leteckej dopravy s cieľom: plánovať vhodné opatrenia na tvorbu politiky. Analyzujeme kľúčové ukazovatele výkonnosti týkajúce sa hluku, skleníka emisií plynov a znečistenia ovzdušia v Európe. 
610 2 0 |a environmentalistika 
610 2 0 |a priemysel letecký 
610 2 0 |a prostredie životné 
610 2 0 |a ochrana prostredia životného 
610 2 0 |a stratégia inovačná 
610 2 0 |a Európa 
610 2 0 |a Európska únia 
100 1 |a Klenka, Michal